|
|
|
|
| LEADER |
00000nam a22000007a 4500 |
| 005 |
20170929224540.0 |
| 007 |
cr|||| ||| |
| 008 |
170929s2016 mx |||||s||||f00||0 spa d |
| 035 |
|
|
|a 20629
|
| 040 |
|
|
|a vLex
|
| 090 |
|
|
|c 7038
|d 7038
|
| 100 |
1 |
|
|a Caędo, Lorenza del Ro̕
|
| 245 |
1 |
0 |
|a Museo Casa de Carranza
|h [Recurso electrn̤ico] :
|b historia y legado /
|c Lorenza del Ro̕ Caędo, Edwin ℓlvarez
|
| 256 |
|
|
|a Servicio en ln̕ea
|
| 260 |
|
|
|a Ciudad de Mx̌ico:
|b Cm̀ara de Diputados,
|c 2016
|
| 300 |
|
|
|a 1 recurso electrn̤ico
|
| 506 |
1 |
|
|a Disponible solo en los productos indicados
|d vLex Global
|d vLex Global (Academic Edition, excluding Law Schools)
|d vLex Global (U.S. Academic Edition, Law Schools)
|d vLex Global (U.S. Academic Edition, excluding Law Schools)
|d vLex Global (Academic Edition, Law Schools)
|
| 650 |
0 |
4 |
|a Derecho Civil
|z Mx̌ico
|
| 650 |
0 |
4 |
|a Derecho Constitucional
|z Mx̌ico
|
| 700 |
1 |
|
|a ℓlvarez, Edwin
|
| 740 |
0 |
|
|a vLex Libros (Servicio en ln̕ea)
|
| 856 |
4 |
0 |
|u http://vlex.com/source/museo-casa-de-carranza-historia-y-legado-20629
|z Acceso restringido
|
| 942 |
|
|
|c BOOK
|
| 999 |
0 |
|
|a Civil Law
|
| 999 |
0 |
|
|a Constitutional Law
|